Spôsob realizácie regionálnej politiky

Od začiatku sedemdesiatych rokov sa v krajinách Európskej únie používa systém kategorizácie územno-štatistických jednotiek (systém NUTS), ktorý slúži potrebám sociálno-ekonomických a štrukturálnych analýz územných jednotiek rôzneho hierarchického rangu. Vymedzenie pojmu NUTS a jeho uplatnenie v rozv...

Celý popis

Uložené v:
Podrobná bibliografia
Hlavný autor: Rajčák, Milan
Médium: Kapitola
Jazyk:Slovak
Predmet:
Tagy: Pridať tag
Žiadne tagy, Buďte prvý, kto otaguje tento záznam!

MARC

LEADER 00000naa a2200000 4500
001 r044178
005 20230927091424.0
041 0 |a slo 
044 |a SK 
245 1 0 |a Spôsob realizácie regionálnej politiky  |c Milan Rajčák 
520 |a Od začiatku sedemdesiatych rokov sa v krajinách Európskej únie používa systém kategorizácie územno-štatistických jednotiek (systém NUTS), ktorý slúži potrebám sociálno-ekonomických a štrukturálnych analýz územných jednotiek rôzneho hierarchického rangu. Vymedzenie pojmu NUTS a jeho uplatnenie v rozvoji regiónov. 
610 2 0 |a správa štátna 
610 2 0 |a jednotky územné štatistické 
610 2 0 |a regióny 
610 2 0 |a kategorizácia sídel 
610 2 0 |a porovnanie štatistické 
610 2 0 |a Slovensko 
610 2 0 |a Európska únia 
100 1 |a Rajčák, Milan